| 000 | 01658nam0a22003371 4500 | ||
|---|---|---|---|
| 001 | RU\NLR\INFOCOMM_253\5000055726 | ||
| 005 | 20250613101805.0 | ||
| 035 | _a(NLR Aleph) 009393426 | ||
| 090 |
_a8057597 _c8057597 |
||
| 100 | _a20110113d1984 |||y0rusy50 ca | ||
| 101 | 1 |
_afre _crus |
|
| 102 | _aRU | ||
| 105 | _aa ||||000|y | ||
| 200 | 1 |
_aLado Goudiachvili _e[Album _fRéalisation et introd. de Moïsseï Kagan _gCatalogue, chronique de l'artiste, index des expos. et bibliogr. de Lydia Zlatkevitch _gTrad. du russe par Catherine Poujol et Zénobius Spetchinsky] |
|
| 210 |
_aL. _cAurore _d1984 |
||
| 215 |
_a239 с. _cил., цв. ил., факс., портр. _d35 см |
||
| 300 | _aВ вып. дан на наклейке: Ладо Гудиашвили : Альбом / Авт. вступ. статьи Моисей Самойлович Каган; Сост. каталога, летописи жизни и творчества Лидия Львовна Златкевич | ||
| 320 | _aБиблиогр.: с. 238-239 | ||
| 604 |
_150010$aАльбомы$2nlr_sh1 _1700#1$aГудиашвили$bЛ.$gЛадо$f1896-1980$4070 |
||
| 686 |
_aЩ143(2Г)7-8 Гудиашвили я6 _2rubbk |
||
| 700 | 1 |
_9z01790 _aGudiašvili _bL. _f1896-1980 _gLado _4070 |
|
| 702 | 1 |
_9z02790 _aKagan _bM. S. _gMoisej Samojlovič _4080 |
|
| 702 | 1 |
_9z03790 _aZlatkevič _bL. L. _gLidija L'vovna _4220 |
|
| 790 | 1 |
_9z01700 _aGoudiachvili _bL. _gLado _4070 |
|
| 790 | 1 |
_9z02702 _aKagan _bM. _gMoïsseï _4080 |
|
| 790 | 1 |
_9z03702 _aZlatkevitch _bL. _gLydia _4220 |
|
| 801 | 1 |
_aRU _bNLR _c20110113 |
|
| 801 | 0 |
_aRU _bNLR _gPSBO |
|
| 852 |
_aNLR _jЭ АлИс590/2-Г935 |
||
| 942 | _cBOOK | ||
| 980 | _aNB | ||